[Event "POL-ch U18"]
[Site "Leba"]
[Date "2006.03.28"]
[Round "6"]
[White "Furman, Bartosz"]
[Black "Lewiarz, Piotr"]
[Result "1-0"]
[WhiteElo "1866"]
[BlackElo "1984"]
[PlyCount "93"]
[EventDate "2006.03.25"]
[EventType "swiss"]
[EventRounds "11"]
[EventCountry "POL"]
[SourceTitle "CBM 111 Extra"]
[Source "ChessBase"]
[SourceDate "2006.05.09"]
[SourceVersion "1"]
[SourceVersionDate "2006.05.09"]
[SourceQuality "1"]

1. e4 c5 2. Nc3 Nc6 3. g3 g6 4. Bg2 Bg7 5. d3 e6 6. f4 Nge7 7. Nf3 Nd4 8. 0-0 0-0 9. Be3 d6 10. Rb1 Bd7 11. Qd2 Bc6 12. Ne2 e5 13. c3 Nxf3+ 14. Bxf3 f5 15. fxe5 Bxe5 16. Bh6 Bg7 17. Bxg7 Kxg7 18. Nf4 Qd7 19. Rbe1 Rae8 20. e5 Bxf3 21. Rxf3 d5 22. d4 c4 23. h4 a5 24. h5 h6 25. hxg6 Rd8 26. Kg2 Rh8 27. Rh1 Nxg6 28. Nh5+ Kf7 29. Rhf1 Ne7 30. g4 Rdg8 31. Nf6 Qe6 32. Nxg8 Rxg8 33. Rg3 Rg5 34. gxf5 Rxg3+ 35. Kxg3 Nxf5+ 36. Rxf5+ Qxf5 37. Qf4 Ke6 38. Qxh6+ Kf7 39. Qf4 Ke6 40. Qxf5+ Kxf5 41. Kf3 b5 42. Kg3 b4 43. Kf3 Ke6 44. Kf4 a4 45. cxb4 Kd7 46. a3 Ke6 47. Kg5 1-0